[Event "Chigorin Memorial 18th"]
[Site "St Petersburg"]
[Date "2010.11.04"]
[Round "8"]
[White "Sivertsen, Aage"]
[Black "Korchagina, Victoria"]
[Result "1-0"]
[WhiteElo "1837"]
[BlackElo "2158"]
[PlyCount "37"]
[EventDate "2010.10.28"]
[EventType "swiss"]
[EventRounds "9"]
[EventCountry "RUS"]
[SourceTitle "EXT 2011"]
[Source "ChessBase"]
[SourceDate "2010.11.26"]
[SourceVersion "1"]
[SourceVersionDate "2010.11.26"]
[SourceQuality "1"]

1. e4 c5 2. d4 cxd4 3. c3 dxc3 4. Nxc3 Nc6 5. Nf3 e6 6. Bc4 a6 7. 0-0 Nge7 8. Bg5 f6 9. Be3 Ng6 10. Rc1 Be7 11. a3 0-0 12. Qe2 Kh8 13. Rfd1 Qe8 14. Bb6 Nce5 15. Nxe5 fxe5 16. g3 Qf7 17. Rd3 d6 18. Bc7 Bg5 19. f4 1-0

[Event "Chigorin Memorial 18th"]
[Site "St Petersburg"]
[Date "2010.11.02"]
[Round "6"]
[White "Sivertsen, Aage"]
[Black "Filin, Evgeny Konstantinov"]
[Result "1-0"]
[WhiteElo "1837"]
[BlackElo "1716"]
[PlyCount "49"]
[EventDate "2010.10.28"]
[EventType "swiss"]
[EventRounds "9"]
[EventCountry "RUS"]
[SourceTitle "EXT 2011"]
[Source "ChessBase"]
[SourceDate "2010.11.26"]
[SourceVersion "1"]
[SourceVersionDate "2010.11.26"]
[SourceQuality "1"]

1. d4 d5 2. Nf3 e6 3. c4 Nf6 4. Nc3 c5 5. e3 Nc6 6. Be2 a6 7. a4 Ne4 8. 0-0 Be7 9. cxd5 Nxc3 10. bxc3 exd5 11. dxc5 Bxc5 12. Nd4 0-0 13. Bd3 g6 14. Rb1 Ne5 15. Bc2 Qh4 16. Nf3 Nxf3+ 17. Qxf3 Rd8 18. h3 b6 19. c4 Be6 20. cxd5 Bxd5 21. e4 Bc6 22. Qc3 Bxe4 23. g3 Qe7 24. Re1 f5 25. Bb3+ 1-0

[Event "Chigorin Memorial 18th"]
[Site "St Petersburg"]
[Date "2010.10.28"]
[Round "1"]
[White "Pankov, German"]
[Black "Sivertsen, Aage"]
[Result "1-0"]
[WhiteElo "2350"]
[BlackElo "1837"]
[PlyCount "69"]
[EventDate "2010.10.28"]
[EventType "swiss"]
[EventRounds "9"]
[EventCountry "RUS"]
[SourceTitle "EXT 2011"]
[Source "ChessBase"]
[SourceDate "2010.11.26"]
[SourceVersion "1"]
[SourceVersionDate "2010.11.26"]
[SourceQuality "1"]

1. d4 d5 2. Nf3 Nf6 3. c4 c6 4. e3 dxc4 5. Bxc4 Qc7 6. Qc2 e6 7. 0-0 Be7 8. e4 0-0 9. Bg5 h6 10. Bh4 Re8 11. Nc3 b5 12. Bd3 Qb6 13. Rad1 Bb7 14. Qe2 Nbd7 15. Bb1 b4 16. Na4 Qa5 17. Qc2 c5 18. d5 exd5 19. exd5 Bd6 20. b3 Rac8 21. Nb2 Ba6 22. Rfe1 Qc7 23. Qf5 Bb5 24. Nc4 Bxc4 25. bxc4 a5 26. Bc2 g6 27. Qd3 Ng4 28. h3 Nge5 29. Nxe5 Bxe5 30. Ba4 Qd6 31. Re2 Bc3 32. Bg3 Be5 33. Bxd7 Bxg3 34. Rxe8+ Rxe8 35. Bxe8 1-0

[Event "La Fere op"]
[Site "La Fere"]
[Date "2010.07.05"]
[Round "4"]
[White "Brelot, Loic"]
[Black "Sivertsen, Aage"]
[Result "0-1"]
[WhiteElo "1715"]
[BlackElo "1876"]
[PlyCount "44"]
[EventDate "2010.07.03"]
[EventType "swiss"]
[EventRounds "9"]
[EventCountry "FRA"]
[SourceTitle "CBM 137 Extra"]
[Source "ChessBase"]
[SourceDate "2010.09.01"]
[SourceVersion "1"]
[SourceVersionDate "2010.09.01"]
[SourceQuality "1"]

1. d4 d5 2. c4 c6 3. Nc3 Nf6 4. Nf3 e6 5. Bg5 Be7 6. e3 0-0 7. Bd3 Nbd7 8. 0-0 dxc4 9. Bxc4 Qa5 10. Qe2 b5 11. Bb3 b4 12. Na4 Ba6 13. Qc2 Bxf1 14. Rxf1 Rac8 15. Rd1 Rfd8 16. Bh4 c5 17. dxc5 Nxc5 18. Nxc5 Qxc5 19. Rxd8+ Bxd8 20. Qxc5 Rxc5 21. h3 Bc7 22. Bxf6 gxf6 0-1

[Event "La Fere op"]
[Site "La Fere"]
[Date "2010.07.03"]
[Round "1"]
[White "Sivertsen, Aage"]
[Black "Forthofer, Robert"]
[Result "0-1"]
[WhiteElo "1876"]
[BlackElo "2287"]
[PlyCount "64"]
[EventDate "2010.07.03"]
[EventType "swiss"]
[EventRounds "9"]
[EventCountry "FRA"]
[SourceTitle "CBM 137 Extra"]
[Source "ChessBase"]
[SourceDate "2010.09.01"]
[SourceVersion "1"]
[SourceVersionDate "2010.09.01"]
[SourceQuality "1"]

1. e4 e6 2. Nf3 d5 3. e5 Bd7 4. d4 c5 5. c3 Nc6 6. Bd3 f6 7. 0-0 fxe5 8. Nxe5 Nxe5 9. dxe5 g6 10. Na3 Nh6 11. Be3 Qa5 12. c4 d4 13. Nb5 dxe3 14. fxe3 Bxb5 15. cxb5 0-0-0 16. Qb3 Kb8 17. Be4 Qb6 18. Rf6 c4 19. Qc3 Bg7 20. Rf3 Qxb5 21. a4 Qb3 22. Qa5 Rd7 23. Ra3 Qxb2 24. Rc3 b6 25. Qb5 Rd1+ 26. Rf1 Rxf1+ 27. Kxf1 Rf8+ 28. Bf3 Qxc3 29. Qc6 Qd3+ 30. Kf2 Qd2+ 31. Kf1 Qd5 32. Qd6+ Qxd6 0-1